| 000 | 00424nam a2200169Ia 4500 | ||
|---|---|---|---|
| 005 | 20250508152454.0 | ||
| 008 | 008 250505s9999 xx 000 0 eng d | ||
| 037 | _aTextual | ||
| 040 |
_aFEDL _beng _cFEDL |
||
| 041 |
_aeng _2eng |
||
| 084 |
_a320, SEN _qFEDL |
||
| 100 | _aSen Dhirendranath | ||
| 245 | 0 | _aFrom raj to swaraj | |
| 300 | _axx,544p. | ||
| 942 |
_cTEXL _h320, SEN |
||
| 999 |
_c1336645 _d1336645 |
||